书目信息 |
| 题名: |
虚拟图书馆的昨天,今天和明天
|
|
| 作者: | 袁海旺 著 | |
| 分册: | ||
| 出版信息: | 北京 华艺出版社 2002 |
|
| 页数: | 261页 | |
| 开本: | 21cm | |
| 丛书名: | 二十一世纪图书馆学丛书 | |
| 单 册: | ||
| 中图分类: | G250.76 | |
| 科图分类: | ||
| 主题词: | CT--S902430--数字图书馆 , 数字图书馆--概论 | |
| 电子资源: | ||
| ISBN: | 7-80142-374-7 | |
| 000 | 01515nam0 2200421 450 | |
| 000 | 01478nam0 2200409 450 | |
| 000 | 01461nam0 2200409 450 | |
| 000 | 01407nam0 2200385 450 | |
| 000 | 01370nam0 2200373 450 | |
| 000 | 01333nam0 2200361 450 | |
| 000 | 01333nam0 2200373 450 | |
| 000 | 01279nam0 2200349 450 | |
| 000 | 01209nam0 2200325 450 | |
| 000 | 01172nam0 2200313 450 | |
| 000 | 01134oam2 2200301 45 | |
| 001 | 012002022944 | |
| 005 | 20070730090620.60 | |
| 010 | @a7-80142-374-7@dCNY21.20 | |
| 035 | @a(011001)c2002015406 | |
| 100 | @a20020312d2002 em y0chiy0110 ea | |
| 101 | 0 | @achi |
| 102 | @aCN@b110000 | |
| 105 | @ay z 000yy | |
| 200 | 1 | @a虚拟图书馆的昨天,今天和明天@9xu ni tu shu guan de zuo tian , jin tian he ming tian@f袁海旺著 |
| 210 | @a北京@c华艺出版社@d2002 | |
| 215 | @a261页@d21cm | |
| 225 | 2 | @a二十一世纪图书馆学丛书 |
| 314 | @a袁海旺,美国西肯塔基大学图书馆暨博物馆网站暨虚拟图书馆主任。《虚拟图书馆的昨天,今天和明天》。 | |
| 330 | @a“虚拟图书馆”到底是怎么一回事?它和“电子图书馆”、“数字图书馆”又是什么关系?它目前的情况如何?今后的发展方向又是什么?这些,正是这本书要回答的问题。 | |
| 461 | 0 | @12001 @a二十一世纪图书馆学丛书 |
| 510 | 1 | @aVirtual Libraries' Yesterday, Today and Tomorrow@zeng |
| 606 | 0 | @2CT@3S902430@a数字图书馆 |
| 606 | 0 | @a数字图书馆@x概论 |
| 690 | @aG250.76@v4 | |
| 701 | 0 | @a袁海旺@9yuan hai wang@4著 |
| 801 | 0 | @aCN@bTSSF@c20070730 |
| 905 | @a10447@dG250.76@e119 | |
| 虚拟图书馆的昨天,今天和明天/袁海旺著.-北京:华艺出版社,2002 |
| 261页;21cm.-(二十一世纪图书馆学丛书) |
| ISBN 7-80142-374-7:CNY21.20 |
| “虚拟图书馆”到底是怎么一回事?它和“电子图书馆”、“数字图书馆”又是什么关系?它目前的情况如何?今后的发展方向又是什么?这些,正是这本书要回答的问题。 |
| ● |
| 相关链接 |
|
|
|
|
正题名:虚拟图书馆的昨天,今天和明天
索取号:G250.76/119
 
预约/预借
| 序号 | 登录号 | 条形码 | 馆藏地/架位号 | 状态 | 备注 |
| 1 | 0784171 | 207841718 | 第一样本阅览室/ [索取号:G250.76/119] | 在馆 | |
| 2 | 0784172 | 207841727 | 第四借阅区/ [索取号:G250.76/119] | 在馆 | |
| 3 | 0785066 | 207850663 | 第四借阅区/ [索取号:G250.76/119] | 在馆 |